Statistics for 中国大运河沿线县市(含地图)Counties and cities along the Grand Canal with map

Click here to take the quiz!

General Stats

  • This quiz has been taken 153 times
    (152 since last reset)
  • The average score is 32 of 65

Answers on the Map

Answers color-coded by a green-red scale on the quiz's map according to % correct below.
 

Answer Stats

河段城市% Correct
明清大运河北京市
97%
明清大运河天津市
95%
明清大运河杭州市
94%
明清大运河苏州市
90%
浙东运河宁波市
90%
明清大运河嘉兴市
89%
明清大运河扬州市
89%
明清大运河无锡市
89%
明清大运河常州市
88%
明清大运河廊坊市
87%
浙东运河绍兴市
86%
明清大运河徐州市
85%
明清大运河淮安市
84%
隋唐大运河洛阳市
84%
明清大运河镇江市
82%
明清大运河宿迁市
81%
隋唐大运河郑州市
79%
明清大运河沧州市
79%
隋唐大运河开封市
78%
明清大运河湖州市
77%
明清大运河德州市
72%
明清大运河济宁市
71%
隋唐大运河商丘市
66%
明清大运河聊城市
66%
明清大运河枣庄市
61%
隋唐大运河宿州市
60%
隋唐大运河新乡市
60%
隋唐大运河淮北市
59%
隋唐大运河濮阳市
58%
隋唐大运河鹤壁市
55%
隋唐大运河焦作市
54%
浙东运河余姚市
51%
明清大运河高邮市
50%
明清大运河丹阳市
48%
明清大运河桐乡市
37%
明清大运河香河县
36%
隋唐大运河泗县
33%
明清大运河微山县
31%
明清大运河吴桥县
27%
隋唐大运河盱眙县
27%
明清大运河沛县
27%
明清大运河宝应县
27%
隋唐大运河荥阳市
26%
明清大运河邳州市
26%
明清大运河临清市
25%
隋唐大运河中牟县
23%
明清大运河泗阳县
22%
明清大运河青县
22%
隋唐大运河巩义市
21%
明清大运河泊头市
21%
隋唐大运河泗洪县
21%
明清大运河鱼台县
19%
隋唐大运河浚县
19%
隋唐大运河睢县
18%
明清大运河东光县
18%
隋唐大运河滑县
18%
明清大运河梁山县
17%
隋唐大运河永城市
15%
隋唐大运河灵璧县
14%
隋唐大运河杞县
12%
隋唐大运河夏邑县
11%
隋唐大运河宁陵县
11%
隋唐大运河虞城县
8%
明清大运河故城县
8%
隋唐大运河馆陶县
7%

Score Distribution

Percentile by Number Answered

Percent of People with Each Score

Your Score History

You have not taken this quiz since the last reset